| 000 | 01142nam a22002777a 4500 | ||
|---|---|---|---|
| 005 | 20081106101154.0 | ||
| 008 | 081106t xxu||||| |||| 00| d hin d | ||
| 010 | _aHIN-92335 | ||
| 020 |
_c200.00 _a9788128829345 |
||
| 035 | _aHN-64681 | ||
| 037 | _bDBAD / PUB | ||
| 040 |
_aDPL _bHN |
||
| 082 | _aउ | ||
| 100 |
_927262 _aप्रेमचंद |
||
| 245 |
_aवरदान / _cप्रेमचंद |
||
| 246 |
_aVardan _bby Premchand |
||
| 260 |
_aनई दिल्ली _bशब्द स्पर्श प्रकाशन _c2011 |
||
| 270 |
_a135, ए. एम. आई. जी. डी.डी.ए.फ्लैटस राजौरी गार्डन _bनई दिल्ली |
||
| 300 |
_a120पृ. _c22सेमी(सजिल्द) |
||
| 650 |
_aहिन्दी कथा साहित्य _927268 |
||
| 650 |
_927263 _aHindi Novel |
||
| 700 |
_a _927271 |
||
| 710 | _927272 | ||
| 942 |
_2ddc _cHN _mप्रेमचं _hउ |
||
| 999 |
_c51605 _d51605 |
||